South America Map Quiz in Cantonese Syllables - Statistics

General Stats
  • This quiz has been taken 51 times
  • The average score is 12 of 14
Answers on the Map
Answers color-coded by a green-red scale on the quiz's map according to % correct below.
 
Answer Stats
Answer % Correct
Aa3 Gan1 Ting4
93%
Baa1 Sai1
91%
Bo1 Lei6 Wai4 Aa3
91%
Go1 Leon4 Bei2 Aa3
89%
Zi3 Lei6
89%
Wu1 Laai1 Gwai1
87%
Bei3 Lou5
85%
Wai2 Noi6 Seoi6 Laai1
85%
Baa1 Laai1 Gwai1
83%
Aak1 Gwaa1 Do1 Ji5
80%
Fuk1 Hak1 Laan4 Kwan4 Dou2 (Jing1 Gwok3)
78%
Sou1 Lei1 Naam4
74%
Gwai1 Aa3 Naa4
72%
Faat3 Suk6 Gwai1 Aa3 Naa4
67%
No matching quizzes found
Score Distribution
Percent of People with Each Score
Percentile by Number Answered
Your Score History
You have not taken this quiz